000 00412nmm a2200145Ia 4500
008 251105s9999||||xx |||||||||||||||||und||
041 _aspa
100 _aPullman, Philip
245 0 _aCuentos de los hermanos Grimm
264 _a[Madrid, España] :
_bEdiciones B,
_c2014
300 _a592 páginas
650 _aAges 9-12 Years Old
856 _uhttps://public.digitaliapublishing.com/a/53115
942 _cCF
999 _c105098
_d105098